000 01275 a2200193 4500
003 NUST
005 20221201144557.0
020 _a0827325312
040 _cNust
082 _a537,KUB
100 _aKubala, Thomas S.
245 _aElectricity 1 :
_b devices, circuits and materials /
_cThomas S. Kubala.
250 _a4th ed.
260 _aAlbany,
_bDelmar Publishers
_c [1988]
300 _a146 p. illus.
_b27 cm.
505 _aIntroduction (Page- 1), Electron Theory and Ohm's Law (Page- 5), Series Circuits (Page- 11), Parallel Circuits (Page- 17), Series-Parallel Circuits (Page- 23), Electrical Energy and Power (Page-23), Batteries (Page- 33), Electrical Conductors and Wire Sizes (Page- 41), Voltage Drop Across Conductors (Page- 49), Summary Review of Units 1-9 (Page- 55), Magnets and Magnetic Fields (Page-61), Electromagnetism (Page- 65),Generation of Electromotive Force (Page- 71), Direct-Current Motor Principles (Page- 79), Summary Review of Units 11-14 (Page- 85), Typical Bell Circuits (Page- 89), Switch Control of Lighting Circuits (Page- 95), Wiring Materials (Page- 105), Remote Control Systems for Lighting Circuits (Page- 127), Summary Review of Units 16-19 (Page- 135).
650 _aElectricity
_939895
942 _2ddc
_cBK
_i537,KUB
999 _c183996
_d183996